Statistiques concernant Les Drapeaux ayant un Soleil

Cliquez ici pour prendre le quiz!

Statistiques générales

  • Ce quiz a été pris 591 fois
  • Le résultat moyen est 12 sur 15

Statistiques - réponses

Réponse% Correct
Nepal
97%
Argentine
96%
Macédoine du Nord
95%
Uruguay
95%
Kazakhstan
87%
Malaisie
87%
Philippines
80%
Taïwan
76%
Kiribati
68%
Malawi
67%
Antigua-et-Barbuda
66%
Îles Marshall
66%
Rwanda
63%
Namibie
62%
Nauru
62%

Distribution des résultats

Percentile par nombre de réponses

% des personnes avec chaque résultat

Votre développement - résultats

Vous n’avez pas pris ce quiz